=LDR 00000nam 2200000 4500 =001 INLIS000000000022827 =005 20130612121537 =008 ***********************************Ind** =035 ##$$0010-061300000022827 =041 ##$$a Ind =082 ##$$a 363.2 =090 ##$$a 363.2, Suk p =100 ##$$a Sukanto, Surjono =245 ##$$a Penanggulangan pencurian kendaraan bermotor, Sorjono Sukanto =260 ##$$a 1988 $b Jakarta =300 ##$$a 75 hlm, 21 cm =650 ##$$a Kriminologi =850 ##$$a NBPNMAT